Pokémon évoluant grâce au bonheur - Statistiques

Statistiques générales
  • Ce quiz a été pris 97 fois
  • Le résultat moyen est 11 sur 18
Statistiques - réponses
Type de quiz Pokémon % Correct
Fée Mélo
89%
Normal/Fée Toudoudou
88%
Poison/Vol Nosféralto
84%
Électrik Pichu
84%
Combat Riolu
82%
Normal Évoli
79%
Glace/Insecte Frissonille
71%
Insecte/Plante Couverdure
62%
Normal Leveinard
62%
Fée Togepi
62%
Normal/Fée Azurill
58%
Psy/Vol Chovsourir
56%
Plante/Poison Rozbouton
55%
Normal Goinfrex
45%
Psy Korillon
44%
Normal Laporeille
38%
Ténèbres Miaouss (d'Alola)
27%
Normal Type:0
25%
Aucun quiz correspondant
Distribution des résultats
% des personnes avec chaque résultat
Percentile par nombre de réponses
Votre historique - résultats
Vous n’avez pas pris ce quiz